000 00429nam a2200181Ia 4500
001 1252
005 20260306140618.0
008 260306t1995||||xx |||||||||||||| ||spa||
041 _aESP
082 _a190
_bB67
100 _aBochenski, Innocentius M. [1902-...]
_eAUT
245 0 _aLa filosofía actual
260 _c1995
300 _a340 páginas :
_c17 cm.
650 _aGEN
654 _aCHU
942 _cLIB
_dJUS
_fJUS
_2ddc
_n
999 _c1252
_d1252